[Event "Titled Tuesday intern op 02nd Jul Late"]
[Site "Chess.com INT"]
[Date "2024.07.02"]
[Round "6"]
[White "Anton Guijarro, David"]
[Black "Timmermans, Mark"]
[Result "1-0"]
[WhiteElo "2669"]
[BlackElo "2399"]
[PlyCount "69"]
[EventDate "2024.07.02"]
[EventType "swiss (blitz)"]
[EventRounds "11"]
[EventCountry "USA"]
[SourceTitle "EXT 2025"]
[Source "ChessBase"]
[SourceDate "2024.10.14"]
[SourceVersion "1"]
[SourceVersionDate "2024.10.14"]
[SourceQuality "1"]

1. d4 Nf6 2. Nf3 e6 3. Bg5 d5 4. Nbd2 Be7 5. e3 b6 6. c3 Bb7 7. Ne5 Nbd7 8. Bb5 0-0 9. Nc6 Bxc6 10. Bxc6 Rb8 11. Qa4 a5 12. 0-0 h6 13. Bh4 g5 14. Bg3 Bd6 15. c4 Qe7 16. Rac1 Rfd8 17. cxd5 exd5 18. a3 Nf8 19. Nf3 Bxg3 20. hxg3 Ng6 21. Bb5 Ne4 22. Rc6 Rd6 23. Bd3 Rxc6 24. Qxc6 Qd6 25. Rc1 Qxc6 26. Rxc6 Rb7 27. Bxe4 dxe4 28. Nd2 Ne7 29. Rxh6 f5 30. g4 Kg7 31. Re6 Kf7 32. gxf5 c5 33. Nxe4 Nxf5 34. Re5 Kg6 35. Rxf5 1-0

[Event "Titled Tuesday intern op 02nd Jul Late"]
[Site "Chess.com INT"]
[Date "2024.07.02"]
[Round "3"]
[White "Tari, Aryan"]
[Black "Timmermans, Mark"]
[Result "1-0"]
[WhiteElo "2637"]
[BlackElo "2399"]
[PlyCount "67"]
[EventDate "2024.07.02"]
[EventType "swiss (blitz)"]
[EventRounds "11"]
[EventCountry "USA"]
[SourceTitle "EXT 2025"]
[Source "ChessBase"]
[SourceDate "2024.10.14"]
[SourceVersion "1"]
[SourceVersionDate "2024.10.14"]
[SourceQuality "1"]

1. c4 Nf6 2. g3 e6 3. Bg2 d5 4. Nf3 Be7 5. d4 0-0 6. b3 b6 7. Bb2 Bb7 8. 0-0 Nbd7 9. Nc3 c5 10. Ne1 cxd4 11. Qxd4 Nc5 12. cxd5 exd5 13. Rd1 Ne6 14. Qd3 Nc5 15. Qf5 d4 16. Bxb7 Nxb7 17. Nb5 Qc8 18. Nxd4 Rd8 19. Nef3 Nc5 20. Qxc8 Raxc8 21. Nf5 Bf8 22. Nh6+ gxh6 23. Bxf6 Rxd1 24. Rxd1 Ne4 25. Be5 Rc2 26. Rd8 Rxe2 27. Nd4 Re1+ 28. Kg2 f6 29. Bf4 Kf7 30. Rd7+ Kg6 31. Ne6 Bc5 32. b4 Bxb4 33. Rg7+ Kf5 34. Nd4# 1-0

[Event "Titled Tuesday intern op 02nd Jul Late"]
[Site "Chess.com INT"]
[Date "2024.07.02"]
[Round "5"]
[White "Timmermans, Mark"]
[Black "Gomez Aguirre, Juan Alberto"]
[Result "1-0"]
[WhiteElo "2399"]
[BlackElo "2322"]
[PlyCount "157"]
[EventDate "2024.07.02"]
[EventType "swiss (blitz)"]
[EventRounds "11"]
[EventCountry "USA"]
[SourceTitle "EXT 2025"]
[Source "ChessBase"]
[SourceDate "2024.10.14"]
[SourceVersion "1"]
[SourceVersionDate "2024.10.14"]
[SourceQuality "1"]

1. b4 e5 2. Bb2 Bxb4 3. Bxe5 Nf6 4. Nc3 d6 5. Bxf6 gxf6 6. Nd5 Bc5 7. c4 c6 8. Nf4 Be6 9. e3 Qe7 10. Nf3 Nd7 11. Be2 Ne5 12. Qc2 Bg4 13. Rb1 Bb6 14. Nxe5 fxe5 15. Bxg4 exf4 16. 0-0 fxe3 17. fxe3 Qg5 18. h3 h5 19. Rf5 Qg6 20. Qe4+ Kd8 21. Bf3 Re8 22. Qf4 Re5 23. Be4 Rxf5 24. Bxf5 Qf6 25. d4 Rb8 26. Rf1 Bc7 27. Qe4 Qe7 28. Qf3 Bb6 29. Kh1 h4 30. c5 dxc5 31. dxc5 Bxc5 32. Rd1+ Kc7 33. Rd7+ Qxd7 34. Bxd7 Kxd7 35. Qxf7+ Be7 36. Qf5+ Kc7 37. Qe5+ Bd6 38. Qg7+ Kb6 39. e4 Re8 40. Qd4+ Kc7 41. Kg1 b6 42. Kf1 Rf8+ 43. Ke2 Bc5 44. Qg7+ Kc8 45. e5 Rf2+ 46. Kd3 Rxa2 47. e6 Ra3+ 48. Kc2 Ra2+ 49. Kb3 Re2 50. Qd7+ Kb8 51. Qxc6 Re3+ 52. Kc2 a5 53. Qd7 Re2+ 54. Kd3 Rxg2 55. Qd8+ Ka7 56. e7 Rg3+ 57. Kc4 Bxe7 58. Qxe7+ Ka6 59. Qd7 Rf3 60. Qc8+ Ka7 61. Qc7+ Ka6 62. Qb8 Rf7 63. Qa8+ Ra7 64. Qc8+ Rb7 65. Kd5 Ka7 66. Kc6 Rb8 67. Qc7+ Ka8 68. Kb5 Rb7 69. Qd8+ Ka7 70. Qxh4 Rc7 71. Qd4 Rc5+ 72. Qxc5 bxc5 73. h4 a4 74. Kxa4 Kb6 75. h5 c4 76. h6 Kc5 77. h7 c3 78. Kb3 Kd4 79. Kc2 1-0

[Event "Titled Tuesday intern op 02nd Jul Late"]
[Site "Chess.com INT"]
[Date "2024.07.02"]
[Round "4"]
[White "Tokman, Ariel"]
[Black "Timmermans, Mark"]
[Result "0-1"]
[WhiteElo "2380"]
[BlackElo "2399"]
[PlyCount "128"]
[EventDate "2024.07.02"]
[EventType "swiss (blitz)"]
[EventRounds "11"]
[EventCountry "USA"]
[SourceTitle "EXT 2025"]
[Source "ChessBase"]
[SourceDate "2024.10.14"]
[SourceVersion "1"]
[SourceVersionDate "2024.10.14"]
[SourceQuality "1"]

1. c4 Nf6 2. Nc3 e5 3. g3 g6 4. Bg2 Bg7 5. e4 0-0 6. Nge2 c5 7. 0-0 Nc6 8. d3 d6 9. h3 Ne8 10. Be3 Nc7 11. f4 b6 12. f5 Nd4 13. g4 f6 14. Qd2 g5 15. Ng3 Bd7 16. Nh5 Be8 17. Nxg7 Kxg7 18. Ne2 Kf7 19. Nxd4 cxd4 20. Bf2 h5 21. b4 hxg4 22. hxg4 Rh8 23. Bf3 Bd7 24. Kg2 Qf8 25. Rh1 Qg7 26. c5 bxc5 27. bxc5 dxc5 28. Qa5 Rxh1 29. Rxh1 Ne8 30. Qxc5 Rc8 31. Qxa7 Rc7 32. Qa6 Qf8 33. Bd1 Kg7 34. Bb3 Qb4 35. Be1 Qb5 36. Qxb5 Bxb5 37. Rh3 Nd6 38. Bb4 Nb7 39. Kf2 Nc5 40. Bxc5 Rxc5 41. Ke2 Rc1 42. Rg3 Ra1 43. Kd2 Kf8 44. Kc2 Ke7 45. Rh3 Rg1 46. Rh7+ Kd6 47. Rf7 Rxg4 48. Rxf6+ Kc5 49. Re6 Rg2+ 50. Kb1 Bxd3+ 51. Kc1 Kb4 52. Rxe5 g4 53. Re7 g3 54. Rg7 Bxe4 55. f6 Rf2 56. Rxg3 Rxf6 57. Kd2 Rf2+ 58. Ke1 Rb2 59. Kd1 d3 60. Re3 Kc3 61. Ke1 Rb1+ 62. Kf2 Kd4 63. Rg3 Bd5 64. Bxd5 d2 0-1

[Event "Chess.com Speed Play In"]
[Site "Chess.com INT"]
[Date "2024.06.27"]
[Round "4"]
[White "Diao, Matthew Guo"]
[Black "Timmermans, Mark"]
[Result "0-1"]
[WhiteElo "2033"]
[BlackElo "2399"]
[PlyCount "70"]
[EventDate "2024.06.27"]
[EventType "swiss (blitz)"]
[EventRounds "11"]
[EventCountry "USA"]
[SourceTitle "CBM 220 Extra"]
[Source "ChessBase"]
[SourceDate "2024.07.31"]
[SourceVersion "1"]
[SourceVersionDate "2024.07.31"]
[SourceQuality "1"]

1. d4 Nf6 2. c4 c5 3. d5 b5 4. Qc2 bxc4 5. e4 d6 6. Bxc4 g6 7. Nf3 Nbd7 8. 0-0 Bg7 9. Nc3 0-0 10. h3 Nb6 11. Nd2 Nxc4 12. Nxc4 Ba6 13. Qe2 Nd7 14. Bd2 Rb8 15. b3 Rb4 16. Rac1 Bxc4 17. bxc4 Rb2 18. Rfd1 Qa5 19. Nb5 Qxa2 20. Ra1 Qb3 21. Rxa7 Nb6 22. Rxe7 Nxc4 23. Na7 Bh6 24. e5 Nxd2 25. exd6 Nc4 26. Qg4 Nxd6 27. Rde1 Rb1 28. Nc6 Nf5 29. R7e2 Rxe1+ 30. Rxe1 Qxd5 31. Qxf5 Qxf5 32. Ne7+ Kg7 33. Nxf5+ gxf5 34. Re5 Rc8 35. Rxf5 c4 0-1

[Event "Chess.com Speed Play In"]
[Site "Chess.com INT"]
[Date "2024.06.27"]
[Round "7"]
[White "Grot, Blazej"]
[Black "Timmermans, Mark"]
[Result "0-1"]
[WhiteElo "2136"]
[BlackElo "2399"]
[PlyCount "70"]
[EventDate "2024.06.27"]
[EventType "swiss (blitz)"]
[EventRounds "11"]
[EventCountry "USA"]
[SourceTitle "CBM 220 Extra"]
[Source "ChessBase"]
[SourceDate "2024.07.31"]
[SourceVersion "1"]
[SourceVersionDate "2024.07.31"]
[SourceQuality "1"]

1. e4 e5 2. Nf3 Nc6 3. Bb5 f5 4. d3 fxe4 5. dxe4 Nf6 6. 0-0 d6 7. Qd3 Be7 8. Qc4 Bd7 9. Nc3 a6 10. Bxc6 bxc6 11. Be3 Qc8 12. Rad1 c5 13. Ng5 Rf8 14. Nd5 h6 15. Nxf6+ gxf6 16. Nf3 Bb5 17. Qd5 c6 18. Qb3 Bxf1 19. Kxf1 Rb8 20. Qc4 Rxb2 21. Nh4 Rb4 22. Qd3 Qe6 23. a3 Ra4 24. Kg1 d5 25. Qb3 Rxe4 26. Ng6 Rg8 27. Nxe7 Qxe7 28. Qb6 Qd7 29. Bxc5 Kf7 30. g3 h5 31. Qxa6 h4 32. Rb1 Kg6 33. Rb7 Re1+ 34. Kg2 h3+ 35. Kf3 Qf5# 0-1

[Event "Chess.com Speed Play In"]
[Site "Chess.com INT"]
[Date "2024.06.27"]
[Round "9"]
[White "Lianes Garcia, Marcos"]
[Black "Timmermans, Mark"]
[Result "0-1"]
[WhiteElo "2416"]
[BlackElo "2399"]
[PlyCount "80"]
[EventDate "2024.06.27"]
[EventType "swiss (blitz)"]
[EventRounds "11"]
[EventCountry "USA"]
[SourceTitle "CBM 220 Extra"]
[Source "ChessBase"]
[SourceDate "2024.07.31"]
[SourceVersion "1"]
[SourceVersionDate "2024.07.31"]
[SourceQuality "1"]

1. e4 e5 2. g3 d5 3. Bg2 dxe4 4. Bxe4 Nf6 5. Bg2 Nc6 6. Ne2 Be7 7. 0-0 0-0 8. Nbc3 Bg4 9. h3 Bh5 10. d3 Qd7 11. Be3 a6 12. Qd2 Rfd8 13. f4 Bxe2 14. Nxe2 Nd5 15. Kh2 Nxe3 16. Qxe3 exf4 17. Nxf4 Bf6 18. c3 Re8 19. Qf2 Be5 20. d4 Bd6 21. Nh5 Re7 22. Qd2 Kh8 23. Rae1 Rae8 24. Rxe7 Qxe7 25. Nf4 Qg5 26. h4 Qe7 27. Rf2 Nd8 28. Bf3 Ne6 29. Ng2 c6 30. Bg4 Kg8 31. Re2 Qf6 32. Bxe6 Rxe6 33. Rxe6 Qxe6 34. Qe3 Qxa2 35. b4 Kf8 36. Qd3 Qf2 37. Kh3 h5 38. c4 Bxb4 39. c5 Qg1 40. g4 Be1 0-1